| 000 | 01040njm a2200253 i 4500 | ||
|---|---|---|---|
| 001 | 4794 | ||
| 003 | ES-MaACL | ||
| 005 | 20240603200838.0 | ||
| 007 | s|r||||||||||| | ||
| 008 | 070816s1976 sp ||| g ||||||||1|nspa d | ||
| 100 | 1 |
_aCorcull Boada, Carlos. _940494 |
|
| 245 | 1 | 3 |
_aLa milenaria ciencia Yoga [ _hGrabación sonora] / _cinterviene Carlos Corcull Boada. |
| 260 |
_aMadrid : _bAteneo de Madrid, _c1976. |
||
| 300 |
_a2 discos (CD-DA) (1 h. 23 min. 44 seg.) ; _c12 cm. |
||
| 500 | _aDatos basados en la invitación. | ||
| 518 | _aActo organizado por el Aula de Conferencias Independientes del Ateneo de Madrid, grabado en el salón de actos el jueves 1 de abril de 1976, a las 19:30 h. | ||
| 610 | 2 | 4 |
_aAteneo de Madrid- _xActos culturales- _y1976- _vGrabaciones sonoras. _91886 |
| 650 | 4 |
_aYoga. _917859 |
|
| 710 | 2 |
_aAteneo de Madrid. _bAula de Conferencias Independientes. _91937 |
|
| 852 |
_aES-MaACL _cROT _jROT 3/6/36 _94911 |
||
| 852 |
_aES-MaACL _cROT _jROT 3/6/37 _9203002 |
||
| 942 |
_2udc _cCDROM |
||
| 999 |
_c4794 _d4794 |
||